| 000 | 00354nam a2200133Ia 4500 | ||
|---|---|---|---|
| 008 | 220204s9999 xx 000 0 und d | ||
| 082 |
_a631.67 _bFUK |
||
| 100 | _aFUKUDA, Hitashi | ||
| 245 | 0 | _aIrrigation in the world: Comparative developments | |
| 260 |
_aTokyo _bUniversity of Tokyo _c1976 |
||
| 650 | _aDrainage | ||
| 650 | _aIrrigation | ||
| 942 | _cBK | ||
| 999 |
_c29620 _d29620 |
||